Guía para el manejo seguro de hidrocarburos en refrigeración doméstica y comercial : (Registro nro. 7422)

Detalles MARC
000 -CABECERA
Campo de control 01145nam a22002657a 4500
005 - FECHA Y HORA DE LA ULTIMA TRANSACCION
Campo de control 20180803165446.0
008 - ELEMENTOS DE LONGITUD FIJA—INFORMACION GENERAL
Campo de control 121025s2010 ck gr 00010 spa d
020 ## - ISBN
ISBN 9789588491509
041 0# - IDIOMA
Código de idioma para texto/pista de sonido o título separado Español
044 ## - PAÍS DE PUBLICACIÓN
País de publicación Colombia
082 04 - NUMERO DE CLASIFICACION DECIMAL DEWEY
Número de clasificación 363.7
Número del ítem C718g
110 1# - ASIENTO PRINCIPAL--NOMBRE CORPORATIVO
Nombre corporativo o de jurisdicción como elemento de entrada Colombia
Unidad subordinad Ministerio de Ambiente, Vivienda y Desarrollo Territorial
245 10 - MENCION DE TITULO
Título Guía para el manejo seguro de hidrocarburos en refrigeración doméstica y comercial :
Parte restante del título manual de operación del drop-in con refrigerantes hidrocarbonados /
Mención de responsabilidad Ministerio de Ambiente, Vivienda y Desarrollo Territorial.
260 ## - PUBLICACION, DISTRIBUCION, ETC. (PIE DE IMPRENTA)
Lugar de publicación, distribución, etc. Bogotá :
Nombre del editor, distribuidor, etc. Ministerio de Ambiente, Vivienda y Desarrollo Territorial :
-- PNUD,
Fecha de publicación, distribución, etc. 2010.
300 ## - DESCRIPCION FISICA
Extensión 35 p. :
Otros detalles físicos il. ;
Dimensiones 28 cm. +
Material acompañante 1 CD-Rom.
500 ## - NOTA GENERAL
Nota general Glosario : p. 34-35.
504 ## - NOTA DE BIBLIOGRAFIA, ETC.
Nota de bibliografía Incluye bibliografía.
650 #4 - ASIENTO SECUNDARIO DE MATERIA - TERMINO TEMATICO
Término temático o nombre geográfico como elemento de entrada Hidrocarburos
Subdivisión general Manejo.
650 #4 - ASIENTO SECUNDARIO DE MATERIA - TERMINO TEMATICO
Término temático o nombre geográfico como elemento de entrada Hidrocarburos
Subdivisión general Medidas de seguridad.
650 #4 - ASIENTO SECUNDARIO DE MATERIA - TERMINO TEMATICO
Término temático o nombre geográfico como elemento de entrada Industria del petróleo
Subdivisión general Medidas de seguridad.
650 #4 - ASIENTO SECUNDARIO DE MATERIA - TERMINO TEMATICO
Término temático o nombre geográfico como elemento de entrada Productos del petróleo.
650 #4 - ASIENTO SECUNDARIO DE MATERIA - TERMINO TEMATICO
Término temático o nombre geográfico como elemento de entrada Industria del petróleo
Subdivisión general Incendios y prevención del fuego.
942 ## - ELEMENTOS ADICIONALES (KOHA)
Sistema de clasificación Dewey Decimal Classification
Tipo de ítem
949 ## - LOCAL PROCESSING INFORMATION (OCLC)
a
Existencias
Withdrawn status Lost status Sistema de Clasificación Damaged status No para préstamo Colección Inventariado Ubicación Permanente Ubicación actual Fecha de adquisición Fuente de Valor Valor Total Checkouts Número topográfico Inventario / Código de Barras Date last seen Ejemplar Price effective from Tipo de material
    Dewey Decimal Classification     General Inventariado 2017 Bogotá Bogotá 23/07/2013 Instituto 39000.00   LB 363.7 C718g 028680 23/07/2013 Ej. 1 23/07/2013 Libro